00711nam a22002057a 450000500170000001000150001702000260003203500130005803700130007108200120008410000170009624500660011326000430017927000550022230000200027750000400029794200260033799900170036395201250038020150907144123.0 aENG-113466 c500.00a9788170545569 aEN-96998 bDBAD/PUB a200.954 aRajesh Kumar aHistory of religious sects ,1801-1947 A.D. /cby Rajesh Kumar aNew DelhibClassical Publishing c2011 a28, Shopping Centre, Karampura bNew Delhie110056 a192p.c22cm(Hb) aIncludes bibliographical references 2ddccENmRAJh200.954 c94895d94895 001040718NFICaDBADbDBADd2015-07-14eDBAD/PUBg500.00l0o200.954 RAJpEN-96998r2015-07-14 00:00:00t1v500.00yEN